书目信息 |
| 题名: |
夺命的冷漠
|
|
| 作者: | 杰文斯 著 ;石北燕 , 赵保国 译 | |
| 分册: | ||
| 出版信息: | 北京 机械工业出版社 2008.01 |
|
| 页数: | 216页 | |
| 开本: | 21cm | |
| 丛书名: | ||
| 单 册: | ||
| 中图分类: | I712.45 | |
| 科图分类: | ||
| 主题词: | 侦探小说--zhen tan xiao shuo--美国--现代 , 长篇小说--chang pian xiao shuo--美国--现代 | |
| 电子资源: | ||
| ISBN: | 978-7-111-22736-6 | |
| 000 | 01263nam0 2200301 450 | |
| 001 | 012009530338 | |
| 005 | 20090919161637.70 | |
| 010 | @a978-7-111-22736-6@dCNY25.00 | |
| 100 | @a20090919d2008 em y0chiy0120 ea | |
| 101 | 1 | @achi@ceng |
| 102 | @aCN@b110000 | |
| 105 | @ay z 000ay | |
| 106 | @ar | |
| 200 | 1 | @a夺命的冷漠@Aduo ming de leng mo@f(美) 马歇尔·杰文斯著@F(mei)ma xie er·jie wen si zhu@d= A deadly indifference : a henry spearman mystery@fMarshall Jevons@g石北燕, 赵保国译@Gshi bei yan,zhao bao guo yi@zeng |
| 210 | @a北京@c机械工业出版社@d2008.01 | |
| 215 | @a216页@d21cm | |
| 300 | @a美国百所大学经济学系指定课外必读 | |
| 306 | @a本书由Princeton University Press授权机械工业出版社出版 | |
| 330 | @a本书讲述:为协助洽购经济学家马歇尔的故居,斯皮尔曼教授来到如诗如画的剑桥。没想到刚刚抵达,同行的企业家即遭谋杀....。 | |
| 500 | 10 | @aDeadly indifference : a henry spearman mystery@mChinese |
| 606 | 0 | @a侦探小说@Azhen tan xiao shuo@y美国@z现代 |
| 606 | 0 | @a长篇小说@Achang pian xiao shuo@y美国@z现代 |
| 690 | @aI712.45@v4 | |
| 701 | 1 | @a杰文斯@Ajie wen si@g(Jevons, Marshall)@4著 |
| 702 | 0 | @a石北燕@Ashi bei yan@4译 |
| 702 | 0 | @a赵保国@Azhao bao guo@4译 |
| 801 | 0 | @aCN@bQSSK@c20090919 |
| 905 | @b757211-13@dI712.45@eJ705@f3 | |
| 夺命的冷漠/(美) 马歇尔·杰文斯著= A deadly indifference : a henry spearman mystery/Marshall Jevons/石北燕, 赵保国译.-北京:机械工业出版社,2008.01 |
| 216页;21cm |
| 美国百所大学经济学系指定课外必读 |
| ISBN 978-7-111-22736-6:CNY25.00 |
| 本书讲述:为协助洽购经济学家马歇尔的故居,斯皮尔曼教授来到如诗如画的剑桥。没想到刚刚抵达,同行的企业家即遭谋杀....。 |
| ● |
| 相关链接 |
|
|
|
正题名:夺命的冷漠
索取号:I712.45/J705
 
预约/预借
| 序号 | 登录号 | 条形码 | 馆藏地/架位号 | 状态 | 备注 |
| 1 | 757211 | 207572116 | 文学库116/116文学库 27排3列2层/ [索取号:I712.45/J705] | 在馆 | |
| 2 | 757212 | 207572125 | 文学库116/116文学库 27排3列2层/ [索取号:I712.45/J705] | 在馆 | |
| 3 | 757213 | 207572134 | 社科二线400B/116文学库 27排3列2层/ [索取号:I712.45/J705] | 在馆 |